[Event "BCF-chT3Sb 1819 (4NCL)"]
[Site "England"]
[Date "2019.01.13"]
[Round "4.75"]
[White "Alizada, Eldar"]
[Black "Szymanski, Mark"]
[Result "1-0"]
[WhiteElo "1958"]
[BlackElo "1848"]
[PlyCount "113"]
[EventDate "2018.11.17"]
[EventType "team-tourn"]
[EventRounds "7"]
[EventCountry "ENG"]
[SourceTitle "EXT 2021"]
[Source "ChessBase"]
[SourceDate "2020.10.23"]
[SourceVersion "1"]
[SourceVersionDate "2020.10.23"]
[SourceQuality "1"]
[WhiteTeam "Oxford II"]
[BlackTeam "Iceni II"]
[WhiteTeamCountry "ENG"]
[BlackTeamCountry "ENG"]

1. d4 Nf6 2. c4 c5 3. d5 b5 4. cxb5 a6 5. e3 g6 6. Nc3 Bg7 7. Nf3 d6 8. Bd3 axb5 9. Bxb5+ Nfd7 10. 0-0 0-0 11. e4 Ba6 12. Bxa6 Nxa6 13. Be3 Qb6 14. Qd2 Rfb8 15. Rab1 Qb4 16. Qc2 Rb7 17. Nd2 Rab8 18. a3 Qa5 19. Nc4 Qc7 20. f4 Rb3 21. a4 Qb7 22. Nb5 Rxb5 23. axb5 Qxb5 24. Bd2 Nb4 25. Qb3 Qa6 26. Ra1 Qc8 27. Bxb4 Rxb4 28. Qc2 Bd4+ 29. Kh1 Qb8 30. Ra4 Kg7 31. Rxb4 Qxb4 32. b3 Nf6 33. h3 Nh5 34. Kh2 Kg8 35. Qd3 f6 36. Qf3 Ng7 37. Kh1 h5 38. Qd3 h4 39. Nd2 Nh5 40. Kh2 Ng3 41. Rd1 f5 42. exf5 gxf5 43. Nf3 Bf6 44. Qc4 Qb8 45. Rb1 Kh7 46. b4 cxb4 47. Qxb4 Qg8 48. Rd1 Ne4 49. Qe1 Qg7 50. Rd3 Ng3 51. Re3 Kh6 52. Re6 Kh5 53. Qd1 Kg6 54. Nxh4+ Kf7 55. Nf3 Nh5 56. Ng5+ Bxg5 57. Qxh5+ 1-0

[Event "BCF-chT3Sb 1617 (4NCL)"]
[Site "England"]
[Date "2017.02.12"]
[Round "6.76"]
[White "Gostelow, David W"]
[Black "Szymanski, Mark"]
[Result "1/2-1/2"]
[WhiteElo "1990"]
[BlackElo "1891"]
[PlyCount "66"]
[EventDate "2016.11.26"]
[EventType "team-tourn"]
[EventRounds "11"]
[EventCountry "ENG"]
[SourceTitle "EXT 2019"]
[Source "ChessBase"]
[SourceDate "2018.10.10"]
[SourceVersion "1"]
[SourceVersionDate "2018.10.10"]
[SourceQuality "1"]
[WhiteTeam "Shropshire"]
[BlackTeam "Iceni"]
[WhiteTeamCountry "ENG"]
[BlackTeamCountry "ENG"]

1. d4 d5 2. Bf4 Nf6 3. e3 c5 4. c3 Nc6 5. Nd2 e6 6. Ngf3 Bd6 7. Bg3 0-0 8. Bd3 Re8 9. Ne5 Bxe5 10. dxe5 Nd7 11. f4 f5 12. Nf3 c4 13. Bc2 Qb6 14. 0-0 Nc5 15. Rb1 Ne4 16. Nd4 Nxd4 17. exd4 Bd7 18. Bxe4 dxe4 19. Bf2 Qc6 20. Qd2 Qd5 21. b3 b5 22. bxc4 Qxc4 23. Rfc1 Bc6 24. Rb4 Qd5 25. c4 Qd7 26. cxb5 Bxb5 27. Rc5 Bc6 28. Qc3 Bd5 29. a3 Rec8 30. h3 Rxc5 31. dxc5 Qc6 32. Qb2 Rc8 33. Be3 h6 1/2-1/2

[Event "BCF-chT3Sb 1617 (4NCL)"]
[Site "England"]
[Date "2017.02.11"]
[Round "5.86"]
[White "Szymanski, Mark"]
[Black "Salmons, Calum"]
[Result "1-0"]
[WhiteElo "1891"]
[BlackElo "1700"]
[PlyCount "101"]
[EventDate "2016.11.26"]
[EventType "team-tourn"]
[EventRounds "11"]
[EventCountry "ENG"]
[SourceTitle "EXT 2019"]
[Source "ChessBase"]
[SourceDate "2018.10.10"]
[SourceVersion "1"]
[SourceVersionDate "2018.10.10"]
[SourceQuality "1"]
[WhiteTeam "Iceni"]
[BlackTeam "Sussex Martlets II"]
[WhiteTeamCountry "ENG"]
[BlackTeamCountry "ENG"]

1. d4 Nf6 2. c4 c5 3. d5 b5 4. cxb5 a6 5. bxa6 Bxa6 6. Nc3 d6 7. g3 g6 8. Bg2 Bg7 9. Nf3 Nbd7 10. Rb1 0-0 11. 0-0 Qb6 12. Qc2 Bc4 13. b3 Bxd5 14. Nd2 Bxg2 15. Kxg2 Ne5 16. a4 Nc6 17. Nb5 Nd5 18. Bb2 Nd4 19. Bxd4 cxd4 20. Nc4 Qb7 21. Kg1 Nc3 22. Nxc3 dxc3 23. Na3 Rac8 24. Rfd1 Rc5 25. b4 Rh5 26. e3 Qd7 27. b5 Ra8 28. b6 Rha5 29. Rb4 Rb8 30. Rdb1 d5 31. Rb5 Ra6 32. a5 Qb7 33. Qd3 e6 34. Nc2 Bf8 35. Qxc3 Rc8 36. Qd2 Rc5 37. Rxc5 Bxc5 38. Rb5 Bd6 39. Nb4 Bxb4 40. Qxb4 Ra8 41. Rc5 Rd8 42. Rc7 Qb8 43. a6 d4 44. exd4 e5 45. a7 Qa8 46. Qe7 Rf8 47. dxe5 Qe4 48. Qf6 Qe1+ 49. Kg2 Qe4+ 50. Qf3 Qxe5 51. a8Q 1-0

[Event "BCF-ch Week2 AM op"]
[Site "Bournemouth"]
[Date "2016.08.01"]
[Round "1"]
[White "Watson, Jacob"]
[Black "Szymanski, Mark"]
[Result "0-1"]
[WhiteElo "1572"]
[BlackElo "1911"]
[PlyCount "109"]
[EventDate "2016.08.01"]
[EventType "swiss"]
[EventRounds "5"]
[EventCountry "ENG"]
[SourceTitle "CBM 173 Extra"]
[Source "ChessBase"]
[SourceDate "2016.08.29"]
[SourceVersion "1"]
[SourceVersionDate "2016.08.29"]
[SourceQuality "1"]

1. d4 d5 2. Nf3 Nf6 3. Bf4 c6 4. e3 Bg4 5. h3 Bxf3 6. Qxf3 Qb6 7. b3 Qa5+ 8. c3 Ne4 9. b4 Qa4 10. Bd3 e6 11. 0-0 f5 12. Bxe4 dxe4 13. Qe2 Qb5 14. Qxb5 cxb5 15. a4 bxa4 16. Rxa4 Nd7 17. Nd2 Nb6 18. Ra3 Be7 19. Rb1 Nd5 20. Be5 0-0 21. Rab3 b5 22. c4 bxc4 23. Nxc4 Rfc8 24. Nd6 Rc6 25. Nb5 a6 26. Na3 Rac8 27. R1b2 Rb6 28. b5 Bxa3 29. Rxa3 axb5 30. Ra7 Nf6 31. Ra5 b4 32. Rc5 Rxc5 33. dxc5 Rc6 34. Bd4 Nd5 35. Ra2 Rc7 36. Rc2 Kf7 37. Kf1 g5 38. Ke1 Kg6 39. Be5 Rc6 40. Bd4 f4 41. Ra2 Kf5 42. exf4 gxf4 43. Rc2 e5 44. Bb2 Nc7 45. Ke2 Na6 46. f3 Rxc5 47. Rd2 e3 48. Rd6 Nc7 49. Kd1 Rd5+ 50. Rxd5 Nxd5 51. Bc1 e4 52. h4 Nc3+ 53. Kc2 exf3 54. gxf3 Ne2 55. Kd1 0-1

[Event "BCF-chT4 1516 (4NCL)"]
[Site "England"]
[Date "2016.05.02"]
[Round "11.37"]
[White "Gregory, Andrew M"]
[Black "Szymanski, Mark"]
[Result "0-1"]
[WhiteElo "1960"]
[BlackElo "1867"]
[PlyCount "134"]
[EventDate "2015.11.14"]
[EventType "team-swiss"]
[EventRounds "11"]
[EventCountry "ENG"]
[SourceTitle "EXT 2017"]
[Source "ChessBase"]
[SourceDate "2016.10.25"]
[SourceVersion "1"]
[SourceVersionDate "2016.10.25"]
[SourceQuality "1"]
[WhiteTeam "West is Best II"]
[BlackTeam "Iceni II"]
[WhiteTeamCountry "ENG"]
[BlackTeamCountry "ENG"]

1. g3 d5 2. Bg2 Nf6 3. c4 c6 4. cxd5 cxd5 5. d4 Nc6 6. Nc3 a6 7. Nf3 e6 8. 0-0 Bd6 9. Bg5 h6 10. Bxf6 Qxf6 11. e4 dxe4 12. Nxe4 Qd8 13. d5 exd5 14. Qxd5 Be7 15. Qb3 0-0 16. Nc3 Rb8 17. Rad1 Qa5 18. Rfe1 Be6 19. Rxe6 fxe6 20. Qxe6+ Kh8 21. Rd7 Bf6 22. Nh4 Bxh4 23. gxh4 Qf5 24. Qxf5 Rxf5 25. Be4 Rc5 26. Ne2 Ne5 27. Re7 Nc4 28. Nf4 Nxb2 29. Bxb7 a5 30. Bd5 Nd1 31. Bb3 Nc3 32. Kg2 a4 33. Bf7 Nb5 34. Ng6+ Kh7 35. Nf4 Rc7 36. Bg6+ Kh8 37. Re4 Nc3 38. Rd4 a3 39. Rd3 Rc4 40. Kg3 Nxa2 41. Rxa3 Rc3+ 42. Rxc3 Nxc3 43. h5 Kg8 44. f3 Rb6 45. Nd3 Kf8 46. Ne5 Ke7 47. Kg4 Ra6 48. Bd3 Rd6 49. f4 Nd5 50. Bg6 Nf6+ 51. Kf3 Ra6 52. h3 Ra3+ 53. Kg2 Ke6 54. Nf3 Nd5 55. Kg3 Ra4 56. f5+ Kf6 57. Nh2 Ra3+ 58. Kg4 Ne7 59. Kf4 Ra4+ 60. Kf3 Nxf5 61. Ng4+ Ke6 62. Be8 Ra3+ 63. Kg2 Ne3+ 64. Kf2 Nxg4+ 65. hxg4 Kf6 66. Kg2 Kg5 67. Bd7 Kf4 0-1

[Event "Birmingham 4NCL op-B 1st"]
[Site "Birmingham"]
[Date "2015.02.01"]
[Round "4"]
[White "Paul, Nathanael"]
[Black "Szymanski, Mark"]
[Result "1-0"]
[WhiteElo "1904"]
[BlackElo "1839"]
[PlyCount "57"]
[EventDate "2015.01.30"]
[EventType "swiss"]
[EventRounds "5"]
[EventCountry "ENG"]
[SourceTitle "EXT 2023"]
[Source "ChessBase"]
[SourceDate "2022.10.05"]
[SourceVersion "1"]
[SourceVersionDate "2022.10.05"]
[SourceQuality "1"]

1. e4 c5 2. Nf3 d6 3. d4 cxd4 4. Nxd4 Nf6 5. Nc3 a6 6. Bg5 e6 7. Bd3 h6 8. Be3 Be7 9. f3 Nbd7 10. Qd2 b5 11. 0-0-0 h5 12. Nc6 Qc7 13. Nxe7 Kxe7 14. Rhe1 Rb8 15. h3 Ne5 16. f4 Nc4 17. Bxc4 bxc4 18. e5 dxe5 19. fxe5 Nd7 20. Bg5+ f6 21. exf6+ Kf7 22. fxg7 Re8 23. Ne4 Kxg7 24. Bf6+ Kh7 25. Ng5+ Kg6 26. Ne4 Rg8 27. Qg5+ Kf7 28. Qxh5+ Kf8 29. Qh6+ 1-0

[Event "Birmingham 4NCL op-B 1st"]
[Site "Birmingham"]
[Date "2015.01.31"]
[Round "2"]
[White "Szymanski, Mark"]
[Black "Slinger, Tony J"]
[Result "1/2-1/2"]
[WhiteElo "1839"]
[BlackElo "1950"]
[PlyCount "82"]
[EventDate "2015.01.30"]
[EventType "swiss"]
[EventRounds "5"]
[EventCountry "ENG"]
[SourceTitle "EXT 2023"]
[Source "ChessBase"]
[SourceDate "2022.10.05"]
[SourceVersion "1"]
[SourceVersionDate "2022.10.05"]
[SourceQuality "1"]

1. c4 c5 2. g3 Nf6 3. Bg2 d5 4. cxd5 Nxd5 5. Nc3 Nc7 6. Qb3 Nc6 7. Bxc6+ bxc6 8. Nf3 f6 9. d3 e5 10. Be3 Ne6 11. Ne4 Qb6 12. 0-0 Nd4 13. Bxd4 cxd4 14. Rfc1 Bd7 15. Qc4 Qb4 16. Nc5 Bxc5 17. Qxc5 Qxc5 18. Rxc5 Ke7 19. Rac1 Rhb8 20. b3 a5 21. Nd2 a4 22. R5c2 axb3 23. Nxb3 Rb6 24. Nc5 Ra3 25. f4 Be8 26. Kf2 Bf7 27. fxe5 fxe5 28. Ne4 Bd5 29. Ng5 h6 30. Nf3 Ke6 31. e4 dxe3+ 32. Kxe3 Rba6 33. Nd2 Rxa2 34. Ne4 Rxc2 35. Rxc2 Ra1 36. Nc5+ Ke7 37. Re2 Ra3 38. Rb2 Kd6 39. Nb7+ Kc7 40. Nc5 Kd6 41. Nb7+ Kc7 1/2-1/2

[Event "BCF-ch Seniors"]
[Site "Aberystwyth"]
[Date "2014.08.01"]
[Round "7"]
[White "Annetts, Ivor S"]
[Black "Szymanski, Mark"]
[Result "0-1"]
[WhiteElo "1935"]
[BlackElo "1814"]
[PlyCount "70"]
[EventDate "2014.07.26"]
[EventType "swiss"]
[EventRounds "7"]
[EventCountry "WLS"]
[SourceTitle "EXT 2017"]
[Source "ChessBase"]
[SourceDate "2016.10.25"]
[SourceVersion "1"]
[SourceVersionDate "2016.10.25"]
[SourceQuality "1"]

1. e4 c5 2. c3 d6 3. d4 Nf6 4. f3 d5 5. e5 Nfd7 6. Bd3 cxd4 7. cxd4 Nc6 8. Ne2 Nb6 9. Nbc3 g6 10. b3 Bf5 11. Be3 Bxd3 12. Qxd3 Qd7 13. 0-0 Bg7 14. Rac1 0-0 15. Qd2 f6 16. exf6 Bxf6 17. Rfe1 Rad8 18. f4 e6 19. Kh1 Nc8 20. Ng1 Nd6 21. Bf2 Bg7 22. Nf3 Bh6 23. g3 Qf7 24. Ne5 Nxe5 25. Rxe5 Bg7 26. Re2 Rfe8 27. Rce1 a6 28. Na4 Ne4 29. Qd3 Rc8 30. Be3 Qf5 31. Qb1 Bf8 32. Kg2 Qg4 33. Rc2 Ba3 34. Ree2 h5 35. Rxc8 Qxe2+ 0-1

[Event "BCF-ch Seniors"]
[Site "Aberystwyth"]
[Date "2014.07.28"]
[Round "3"]
[White "Szymanski, Mark"]
[Black "Waterfield, John"]
[Result "0-1"]
[WhiteElo "1814"]
[BlackElo "1975"]
[PlyCount "82"]
[EventDate "2014.07.26"]
[EventType "swiss"]
[EventRounds "7"]
[EventCountry "WLS"]
[SourceTitle "EXT 2017"]
[Source "ChessBase"]
[SourceDate "2016.10.25"]
[SourceVersion "1"]
[SourceVersionDate "2016.10.25"]
[SourceQuality "1"]

1. c4 Nf6 2. g3 g6 3. Bg2 Bg7 4. Nc3 0-0 5. e4 e5 6. Nge2 d6 7. 0-0 Be6 8. d3 c6 9. h3 Qd7 10. Kh2 h5 11. f4 Na6 12. Rf3 Nh7 13. Be3 Nc7 14. b3 d5 15. d4 exd4 16. Bxd4 dxc4 17. Bxg7 Qxd1 18. Rxd1 Kxg7 19. f5 gxf5 20. exf5 Bd5 21. Nxd5 Nxd5 22. bxc4 Rfe8 23. cxd5 Rxe2 24. dxc6 bxc6 25. Ra3 Rb8 26. Rxa7 Rbb2 27. Rg1 Ng5 28. Ra3 Rf2 29. g4 Nf3+ 30. Rxf3 Rxf3 31. Kh1 Rff2 32. a4 h4 33. a5 Ra2 34. a6 c5 35. a7 Rxa7 36. Rc1 Raa2 37. Be4 Rfe2 38. f6+ Kxf6 39. Bf5 c4 40. Kg1 c3 41. Kf1 Red2 0-1